[Event "Lippe Cup 05th"]
[Site "Lieme"]
[Date "2008.09.28"]
[Round "4"]
[White "Bentel, Robin"]
[Black "Haebel, Marcel"]
[Result "1/2-1/2"]
[WhiteElo "1277"]
[BlackElo "1506"]
[PlyCount "27"]
[EventDate "2008.09.26"]
[EventType "swiss"]
[EventRounds "5"]
[EventCountry "GER"]
[SourceTitle "EXT 2012"]
[Source "ChessBase"]
[SourceDate "2011.11.24"]
[SourceVersion "1"]
[SourceVersionDate "2011.11.24"]
[SourceQuality "1"]

1. d4 Nf6 2. c4 g6 3. Nc3 Bg7 4. Nf3 d6 5. e4 Nfd7 6. Be3 Nc6 7. Qc2 e5 8. d5 Ne7 9. Bd3 b6 10. 0-0-0 Nc5 11. Be2 Rb8 12. Rhg1 f5 13. Bxc5 bxc5 14. exf5 1/2-1/2

[Event "Lippe Cup 05th"]
[Site "Lieme"]
[Date "2008.09.28"]
[Round "5"]
[White "Haebel, Marcel"]
[Black "Menze, Gerold"]
[Result "0-1"]
[WhiteElo "1506"]
[BlackElo "1285"]
[PlyCount "100"]
[EventDate "2008.09.26"]
[EventType "swiss"]
[EventRounds "5"]
[EventCountry "GER"]
[SourceTitle "EXT 2012"]
[Source "ChessBase"]
[SourceDate "2011.11.24"]
[SourceVersion "1"]
[SourceVersionDate "2011.11.24"]
[SourceQuality "1"]

1. Nf3 Nc6 2. d4 d5 3. Bf4 e6 4. e3 Bd6 5. Bxd6 Qxd6 6. Nc3 Nf6 7. Bd3 Bd7 8. 0-0 a6 9. Re1 b5 10. e4 Nxe4 11. Nxe4 dxe4 12. Bxe4 0-0 13. d5 exd5 14. Qxd5 Qxd5 15. Bxd5 Rae8 16. Bxc6 Bxc6 17. Ne5 Re6 18. Re3 Be8 19. Rae1 f6 20. Nf3 Rxe3 21. Rxe3 Bf7 22. a3 c5 23. h3 g6 24. Re7 Ra8 25. Rc7 c4 26. Nd4 Be8 27. f3 a5 28. c3 Rb8 29. Rc5 a4 30. Rc7 Bf7 31. Kf2 f5 32. Rd7 Rb6 33. Ke3 Kg7 34. Rc7 h5 35. Kf4 Kf6 36. h4 Be8 37. g3 Bf7 38. Rc6+ Rxc6 39. Nxc6 Be8 40. Nd4 Bd7 41. Ne2 Bc6 42. Ng1 Bd5 43. Ke3 Bc6 44. Kd4 g5 45. hxg5+ Kxg5 46. Ke5 Bd7 47. Nh3+ Kg6 48. Nf4+ Kg5 49. Ne6+ Bxe6 50. Kxe6 f4 0-1

[Event "Lippe Cup 02nd"]
[Site "Lieme"]
[Date "2005.10.09"]
[Round "5"]
[White "Wittke, Rene Alexander"]
[Black "Haebel, Marcel"]
[Result "0-1"]
[WhiteElo "1300"]
[BlackElo "1308"]
[PlyCount "74"]
[EventDate "2005.10.07"]
[EventType "swiss"]
[EventRounds "5"]
[EventCountry "GER"]
[SourceTitle "EXT 2012"]
[Source "ChessBase"]
[SourceDate "2011.11.24"]
[SourceVersion "1"]
[SourceVersionDate "2011.11.24"]
[SourceQuality "1"]

1. e4 g6 2. d4 Bg7 3. Nf3 d6 4. Nc3 Nd7 5. Bf4 e6 6. Bc4 Ne7 7. Qd2 h6 8. e5 d5 9. Bb3 a6 10. a3 b6 11. h3 c5 12. dxc5 bxc5 13. Qe2 Qa5 14. 0-0 Rb8 15. Rab1 c4 16. Ba4 0-0 17. Rfe1 Nb6 18. b4 cxb3 19. Rxb3 Ra8 20. Rb4 Nxa4 21. Nxa4 Nc6 22. Nb6 Rb8 23. Nxc8 Nxb4 24. axb4 Qxb4 25. Nd6 Qxf4 26. Qxa6 Rb2 27. Qd3 Rfb8 28. c4 R8b3 29. Qf1 Rc3 30. Kh1 Rbc2 31. Kg1 Rc1 32. Qe2 Rxe1+ 33. Nxe1 Bxe5 34. g3 Qf6 35. Nb5 Rxc4 36. Nd3 Re4 37. Qc2 Qf5 0-1

[Event "Lippe Cup 02nd"]
[Site "Lieme"]
[Date "2005.10.08"]
[Round "2"]
[White "Haebel, Marcel"]
[Black "Groechtemeier, Dirk"]
[Result "1-0"]
[WhiteElo "1308"]
[BlackElo "1005"]
[PlyCount "65"]
[EventDate "2005.10.07"]
[EventType "swiss"]
[EventRounds "5"]
[EventCountry "GER"]
[SourceTitle "EXT 2012"]
[Source "ChessBase"]
[SourceDate "2011.11.24"]
[SourceVersion "1"]
[SourceVersionDate "2011.11.24"]
[SourceQuality "1"]

1. e4 e5 2. Nf3 Nc6 3. Bc4 Nf6 4. d4 d6 5. dxe5 Nxe4 6. Qd5 Qe7 7. Qxe4 Nxe5 8. Nxe5 dxe5 9. Nc3 c6 10. Be3 g6 11. Qd3 Bf5 12. Qe2 0-0-0 13. Bxa7 b5 14. Bxb5 Qxa7 15. Bxc6 Bc5 16. 0-0 Qb6 17. Qb5 Bxc2 18. Qxb6 Bxb6 19. Be4 Rd2 20. Rac1 Bxe4 21. Nxe4+ Kb7 22. Nxd2 f5 23. Nc4 Bd4 24. b3 e4 25. Nd6+ Kb6 26. Rc8 Rxc8 27. Nxc8+ Kb5 28. Rd1 Bc5 29. Nd6+ Kc6 30. Nc4 Kb5 31. Rd7 h6 32. Rh7 Bf8 33. Ne5 1-0